Statystyki dla Wszystkie karty w Clash Royale

Kliknij tutaj aby rozwiązać quiz!

Ogólne statystyki

  • Ten quiz został rozwiązany 29 razy
  • Średni wynik to 17 z 95

Statystyki odpowiedzi

RzadkoscKarta% Poprawnych
EpicPrince
55%
RareGiant
50%
CommonMinions
50%
RareFireball
45%
CommonArrows
41%
LegendaryElectro Wizard
41%
CommonGoblins
41%
CommonKnight
41%
RareMini PEKKA
41%
EpicPEKKA
41%
LegendaryThe Log
41%
EpicGoblin Barrel
36%
EpicGolem
36%
RareHog Rider
36%
LegendaryIce Wizard
36%
LegendaryPrincess
36%
CommonTesla
36%
CommonZap
36%
CommonGoblin Gang
32%
EpicSkeleton Army
32%
CommonSkeletons
32%
EpicWitch
32%
RareWizard
32%
EpicBaby Dragon
27%
EpicBalloon
27%
CommonBomber
27%
EpicDark Prince
27%
CommonMinion Horde
27%
LegendaryNight Witch
27%
EpicPoison
27%
CommonArchers
23%
CommonCannon
23%
CommonIce Spirit
23%
LegendaryInferno Dragon
23%
LegendaryMiner
23%
EpicRage
23%
LegendarySparky
23%
CommonSpear Goblins
23%
EpicBarbarian Barrel
18%
CommonBarbarians
18%
CommonBats
18%
EpicLightning
18%
RareRocket
18%
CommonRoyal Giant
18%
RareValkyrie
18%
RareBomb Tower
14%
EpicCannon Cart
14%
RareElixir Collector
14%
RareElixir Golem
14%
EpicFreeze
14%
EpicGiant Skeleton
14%
RareHeal
14%
RareIce Golem
14%
RareInferno Tower
14%
LegendaryLava Hound
14%
CommonRascals
14%
LegendaryBandit
9%
RareEarthquake
9%
EpicElectro Dragon
9%
LegendaryFisherman
9%
CommonGiant Snowball
9%
EpicGuards
9%
EpicHunter
9%
EpicMirror
9%
RareMusketeer
9%
LegendaryRam Rider
9%
LegendaryRoyal Ghost
9%
RareRoyal Hogs
9%
CommonSkeleton Barrel
9%
RareThree Musketeers
9%
RareTombstone
9%
RareBattle Ram
5%
EpicClone
5%
EpicExecutioner
5%
CommonFire Spirits
5%
RareFlying Machine
5%
EpicGoblin Giant
5%
RareGoblin Hut
5%
LegendaryGraveyard
5%
LegendaryLumberjack
5%
CommonMortar
5%
EpicTornado
5%
EpicX-Bow
5%
RareZappies
5%
RareBarbarian Hut
0%
EpicBowler
0%
RareDart Goblin
0%
CommonElite Brbarians
0%
RareFurnace
0%
RareGobin Cage
0%
LegendaryMaga Knight
0%
LegendaryMagic Archer
0%
RareMega Minion
0%
CommonRoyale Recruits
0%
EpicWall Breakers
0%

Rozkład punktacji

Percentyl według liczby udzielonych odpowiedzi

Procent ludzi z każdym wynikiem

Twoja historia wyników

Nie rozwiązałeś tego quizu